Chemical and physical networks : formation and control of properties /

Guardado en:
Autor Corporativo: Polymer Networks Group International Conference
Otros Autores: Nijenhuis, K. te., (Editor , ed.), Mijs, W. J., (Editor , ed.)
Formato: Libro
Idioma:English
Publicado: Chichester : Wiley, c1998.
Series:The Wiley Polymer Networks Group review series ; v. 1
Materias:
Acceso en línea:Descripción
Tabla de contenido
Etiquetas: Agregar Etiqueta
Sin Etiquetas, Sea el primero en etiquetar este registro!
LEADER 01228cam a22002775a 4500
001 EIQ.libpla003790
008 970604s1998####enka#####b####101#0#eng#d
005 20080317185220.0
245 0 0 |a Chemical and physical networks :  |b formation and control of properties /  |c edited by K. te Nijenhuis and W. J. Mijs. 
260 |a Chichester :  |b Wiley,  |c c1998. 
300 |a xxxiv, 540 p. :  |b il. ;  |c 24 cm. 
440 4 |a The Wiley Polymer Networks Group review series ;  |v v. 1 
500 |a "Papers from the Polymer Networks Group International Conference". 
504 |a Incluye referencias bibliográficas e índices. 
020 |a 0471973440 (alk. paper) 
700 1 |a Nijenhuis, K. te.,  |e ed.  |4 edt 
700 1 |a Mijs, W. J.,  |e ed.  |4 edt 
711 2 |a Polymer Networks Group International Conference  |n (13th :  |d 1997 :  |c The Netherlands) 
082 0 0 |a 541.2/254  |2 21 
650 4 |a Redes poliméricas  |x Congresos. 
650 0 |a Polymer networks  |x Congresses. 
010 |a  97024361  
040 |a DLC  |c DLC  |d AR-BbSID 
856 4 2 |3 Descripción  |u http://www.loc.gov/catdir/description/wiley032/97024361.html 
856 4 |3 Tabla de contenido  |u http://www.loc.gov/catdir/toc/onix02/97024361.html 
859 |a AR-BbSID  |b BIB. PLAPIQUI  |h 547.84  |i Ch 94  |p 5113